Grandparenting today : (Record no. 111364)
[ view plain ]
| 000 -LEADER | |
|---|---|
| fixed length control field | 00516nam a2200133 a 4500 |
| 005 - DATE AND TIME OF LATEST TRANSACTION | |
| control field | 20140414131914.0 |
| 008 - FIXED-LENGTH DATA ELEMENTS--GENERAL INFORMATION | |
| fixed length control field | 100712s19uu xx 00 eng d |
| 050 ## - LIBRARY OF CONGRESS CALL NUMBER | |
| Classification number | M 306.874 |
| Item number | G75 1997 |
| 245 ## - TITLE STATEMENT | |
| Title | Grandparenting today : |
| Remainder of title | Making the most of your grandparenting skills with grandchildren of all ages / |
| Statement of responsibility, etc | consulting editor, Eleanor Berman ; introduction by Claire Rayner. |
| 260 ## - PUBLICATION, DISTRIBUTION, ETC. (IMPRINT) | |
| Place of publication, distribution, etc | Pleasantville, N.Y : |
| Name of publisher, distributor, etc | Reader's Digest, |
| Date of publication, distribution, etc | 1997. |
| 650 ## - SUBJECT ADDED ENTRY--TOPICAL TERM | |
| Topical term or geographic name as entry element | Grandparenting |
| 650 ## - SUBJECT ADDED ENTRY--TOPICAL TERM | |
| Topical term or geographic name as entry element | Grandparent and child. |
| Withdrawn status | Lost status | Damaged status | Home library | Current library | Shelving location | Date acquired | Source of acquisition | Total Checkouts | Full call number | Barcode | Date last seen | Price effective from | Koha item type |
|---|---|---|---|---|---|---|---|---|---|---|---|---|---|
| Munich Library | Munich Library | Main Section | 07/12/2010 | M 306.874 G75 1997 | M2066 | 04/14/2014 | 04/14/2014 | Books |